LEADER 01907nam 2200577 a 450 001 9910462123803321 005 20200520144314.0 010 $a1-61728-461-0 035 $a(CKB)2670000000161821 035 $a(EBL)3020910 035 $a(SSID)ssj0000688860 035 $a(PQKBManifestationID)11437283 035 $a(PQKBTitleCode)TC0000688860 035 $a(PQKBWorkID)10614472 035 $a(PQKB)10204621 035 $a(MiAaPQ)EBC3020910 035 $a(Au-PeEL)EBL3020910 035 $a(CaPaEBR)ebr10681048 035 $a(OCoLC)782906058 035 $a(EXLCZ)992670000000161821 100 $a20100621d2010 uy 0 101 0 $aeng 135 $aur|n|---||||| 181 $ctxt 182 $cc 183 $acr 200 10$aEnergetics and percolation properties of hydrophobic nanoporous media$b[electronic resource] /$fV.D. Borman and V.N. Tronin 210 $aHauppauge, N.Y. $cNova Science Publishers$dc2010 215 $a1 online resource (57 p.) 225 1 $aNanotechnology science and technology 300 $aDescription based upon print version of record. 311 $a1-61668-866-1 320 $aIncludes bibliographical refereces (p. [41]-44) index. 410 0$aNanotechnology science and technology series. 606 $aPorous materials$xTransport properties 606 $aHydrophobic surfaces 606 $aPercolation (Statistical physics) 608 $aElectronic books. 615 0$aPorous materials$xTransport properties. 615 0$aHydrophobic surfaces. 615 0$aPercolation (Statistical physics) 676 $a620.1/16 700 $aBorman$b V. D$0958247 701 $aTronin$b V. N$0958248 801 0$bMiAaPQ 801 1$bMiAaPQ 801 2$bMiAaPQ 906 $aBOOK 912 $a9910462123803321 996 $aEnergetics and percolation properties of hydrophobic nanoporous media$92171050 997 $aUNINA LEADER 02067nam 2200457 450 001 9910317795403321 005 20230913183135.0 010 $a1-83881-683-6 010 $a1-78923-641-X 035 $a(CKB)4970000000100130 035 $a(NjHacI)994970000000100130 035 $a(oapen)https://directory.doabooks.org/handle/20.500.12854/40328 035 $a(EXLCZ)994970000000100130 100 $a20221012d2018 uy 0 101 0 $aeng 135 $aur||||||||||| 181 $ctxt$2rdacontent 182 $cc$2rdamedia 183 $acr$2rdacarrier 200 00$aAdvances in pancreatic cancer /$fedited by Luis Rodrigo 210 1$aLondon, England :$cIntechOpen,$d[2018] 210 4$d©2018 215 $a1 online resource (224 pages) 311 $a1-78923-640-1 330 $aPancreatic cancer is a growing source of cancer-related death and has poor survival rates, which have not improved in the last few decades. Its high-mortality rate is attributed to pancreatic cancer biology, difficulty in early diagnosis, and lack of standardized international guidelines in assessing the pancreatic masses. This book aims to provide an update in the current state of play in pancreatic cancer diagnosis and to evaluate the benefits and limitations of the available diagnostic technology and therapy. The main modalities for diagnosis are imaging with HCT, MRI, USE, and PET. Some chapters review the improvements in the techniques used. Timely and accurate diagnosis of pancreatic cancer can lead to improve in the current poor outcome of this disease. 606 $aPancreas$xCancer 606 $aPancreatic Neoplasms 610 $aMedicine 610 $aGastrointestinal Oncology 610 $aOncology 610 $aHealth Sciences 615 0$aPancreas$xCancer. 615 2$aPancreatic Neoplasms. 676 $a616.99437 702 $aRodrigo$b Luis$c(Physician) 801 0$bNjHacI 801 1$bNjHacl 906 $aBOOK 912 $a9910317795403321 996 $aAdvances in Pancreatic Cancer$92178730 997 $aUNINA LEADER 05157nam 22007695 450 001 9910483476103321 005 20251113192406.0 010 $a3-030-36138-1 024 7 $a10.1007/978-3-030-36138-9 035 $a(CKB)5300000000003393 035 $a(DE-He213)978-3-030-36138-9 035 $a(MiAaPQ)EBC6128083 035 $a(PPN)243225962 035 $a(MiAaPQ)EBC6190762 035 $a(EXLCZ)995300000000003393 100 $a20200303d2020 u| 0 101 0 $aeng 135 $aurnn#008mamaa 181 $ctxt$2rdacontent 182 $cc$2rdamedia 183 $acr$2rdacarrier 200 10$aAdvances in Microlocal and Time-Frequency Analysis /$fedited by Paolo Boggiatto, Marco Cappiello, Elena Cordero, Sandro Coriasco, Gianluca Garello, Alessandro Oliaro, Jörg Seiler 205 $a1st ed. 2020. 210 1$aCham :$cSpringer International Publishing :$cImprint: Birkhäuser,$d2020. 215 $a1 online resource (XVI, 525 p. 6 illus. in color.) 225 1 $aApplied and Numerical Harmonic Analysis,$x2296-5017 311 08$a3-030-36137-3 327 $aAnisotropic Gevrey-Hörmander pseudo-differential operators on modulation spaces -- Hardy spaces on weighted homogeneous trees -- The global Cauchy problem for the plate equation in weighted Sobolev spaces -- Cone-Adapted Shearlets and Radon Transforms -- Linear perturbations of the Wigner transform and the Weyl quantization -- About the nuclearity of S(Mp) and Sw -- Spaces of ultradifferentiable functions of multi-anisotropic type -- Comparison principle for non-cooperative elliptic systems and applications -- O n the simple layer potential ansatz for the n-dimensional Helmholtz equation -- Decay estimates and Gevrey smoothing for a strongly damped plate equation -- Long time decay estimates in real Hardy spaces for the Double Dispersion Equation -- On Density Operators with Gaussian Weyl Symbols -- On the solvability of a class of second order degenerate operators -- Small data solutions for semilinear waves with time-dependent damping and mass terms -- Integrating Gauge Fields in the -formulation of Feynman?s path integral -- A Class of Well-Posed Parabolic Final Value Problems -- Localization of a Class of Muckenhoupt Weights by Using Mellin Pseudo-Differential Operators -- Carleman regularization and hyperfunctions -- Strictly hyperbolic Cauchy problems with coefficients low-regular in time and space -- Quantization and Coorbit Spaces for Nilpotent Groups -- On the Measurability of Stochastic Fourier Integral Operators -- Convolution and Anti-Wick quantisation on ultradistribution spaces -- Exact formulas to the solutions of several generalizations of the nonlinear Schrödinger equation -- Dirichlet-to-Neumann Operator and Zaremba Problem -- Extended Gevrey regularity via the short-time Fourier transform -- Wiener estimates on modulation spaces -- The Gabor wave front set of compactly supported distributions. 330 $aThe present volume gathers contributions to the conference Microlocal and Time-Frequency Analysis 2018 (MLTFA18), which was held at Torino University from the 2nd to the 6th of July 2018. The event was organized in honor of Professor Luigi Rodino on the occasion of his 70th birthday. The conference?s focus and the contents of the papers reflect Luigi?s various research interests in the course of his long and extremely prolific career at Torino University. 410 0$aApplied and Numerical Harmonic Analysis,$x2296-5017 606 $aDifferential equations 606 $aHarmonic analysis 606 $aOperator theory 606 $aGlobal analysis (Mathematics) 606 $aManifolds (Mathematics) 606 $aFunctional analysis 606 $aDifferential Equations 606 $aAbstract Harmonic Analysis 606 $aOperator Theory 606 $aGlobal Analysis and Analysis on Manifolds 606 $aFunctional Analysis 615 0$aDifferential equations. 615 0$aHarmonic analysis. 615 0$aOperator theory. 615 0$aGlobal analysis (Mathematics) 615 0$aManifolds (Mathematics) 615 0$aFunctional analysis. 615 14$aDifferential Equations. 615 24$aAbstract Harmonic Analysis. 615 24$aOperator Theory. 615 24$aGlobal Analysis and Analysis on Manifolds. 615 24$aFunctional Analysis. 676 $a515 702 $aBoggiatto$b Paolo$4edt$4http://id.loc.gov/vocabulary/relators/edt 702 $aCappiello$b Marco$4edt$4http://id.loc.gov/vocabulary/relators/edt 702 $aCordero$b Elena$4edt$4http://id.loc.gov/vocabulary/relators/edt 702 $aCoriasco$b Sandro$4edt$4http://id.loc.gov/vocabulary/relators/edt 702 $aGarello$b Gianluca$4edt$4http://id.loc.gov/vocabulary/relators/edt 702 $aOliaro$b Alessandro$4edt$4http://id.loc.gov/vocabulary/relators/edt 702 $aSeiler$b Jo?rg$4edt$4http://id.loc.gov/vocabulary/relators/edt 801 0$bMiAaPQ 801 1$bMiAaPQ 801 2$bMiAaPQ 906 $aBOOK 912 $a9910483476103321 996 $aAdvances in Microlocal and Time-Frequency Analysis$92369390 997 $aUNINA